| 000 | 00703nam a22002052 4500 | ||
|---|---|---|---|
| 001 | 0000012653 | ||
| 005 | 20151217152111.0 | ||
| 008 | 090304s xx 000 0 eng d | ||
| 040 |
_aKABU _cKABU |
||
| 245 | 1 | 0 |
_aTechnology management : _bproceedings of a training workshop for Commonwealth developing countries / _cCommonwealth Secretariat. |
| 250 | _a1st ed. | ||
| 260 |
_aLondon : _bCommonwealth Secratariat, _c1991. |
||
| 300 | _a91 p. | ||
| 650 | 0 |
_aTechnology _xManagement. _@0000156086 |
|
| 650 | 0 |
_aOrganizational change. _@0000150813 |
|
| 710 | 2 |
_aCommonwealth Secratariat. _@0000169535 |
|
| 852 | 1 | _9p400 KES | |
| 908 | _a090304 | ||
| 950 | _@1 | ||
| 999 |
_c8263 _d8263 |
||